Matemáticas : 3 BUP
Guardado en:
| Autor principal: | |
|---|---|
| Otros Autores: | |
| Formato: | Libro |
| Lenguaje: | español |
| Publicado: |
Zaragoza :
Edelvives,
1993
|
| Catálogo: | MANES: Resultados de Búsqueda del Catálogo |
| Clasificación de libros de texto: |
|
| Etiquetas: |
Agregar Etiqueta
Sin Etiquetas, Sea el primero en etiquetar este registro!
|
| Añadido a: | 1999-11-29 |
| Cambiado en: | 2025-05-07 |
MARC
| LEADER | 00000cam a2200000 i 4500 | ||
|---|---|---|---|
| 005 | 20250507134449.0 | ||
| 008 | 000000s1993 espa fp 000 0 spa d | ||
| 020 | |a 8426324584 | ||
| 040 | |a uned |b spa |c entro-manes | ||
| 100 | 1 | |a López Barriuso, Joaquín |9 35677 | |
| 245 | 1 | 0 | |a Matemáticas : |b 3 BUP / |c autor, Joaquín López Barriuso ; autor de curiosidades matemáticas, Ángel de la Llave |
| 260 | |a Zaragoza : |b Edelvives, |c 1993 | ||
| 300 | |a 327 p. : |b il. | ||
| 546 | |a España | ||
| 561 | |5 es-BUNED |3 L.T.M. 2970 |a España. Fondo Manes UNED |k MANES | ||
| 690 | 0 | |a MATE | |
| 691 | 0 | |a SE | |
| 700 | 1 | |a Llave, Ángel de la |9 38885 | |
| 942 | |2 ddc |c BK | ||
| 999 | |c 95041 |d 95041 | ||
| 999 | |c manes:95041 |d 95041 | ||